• 首页
  • 本馆介绍
  • 公告通知
  • 最新文献
  • 馆藏检索
  • 电子资源
  • 读者导购
  • 参考咨询
  • 我的图书馆
  • 登录
  • 详细信息显示
  • 放入我的书架
  • 预约/预借图书
  • 作者相关作品
  • 分类相关作品
  • 丛书相关作品
  • 出版社相关作品

书目信息

  • 表格格式
  • 工作单格式
  • 卡片格式
题名:
摄影艺术的美学视角研究
    
 
作者: 戴攀 著
分册:  
出版信息: 长春   吉林科学技术出版社  2020
页数: 233页
开本: 26cm
丛书名:
单 册:
中图分类: J401
科图分类:
主题词: 摄影美学--研究
电子资源:
ISBN: 978-7-5578-7887-0
000 00807nam0 2200217 450
001 2346517093
005 20231205125545.65
010    @a978-7-5578-7887-0@dCNY50.00
100    @a20210120d2020 em y0chiy50 ea
101 0  @achi
102    @aCN@b220000
105    @aa z 000yy
200 1  @a摄影艺术的美学视角研究@9she ying yi shu de mei xue shi jiao yan jiu@f戴攀著
210    @a长春@c吉林科学技术出版社@d2020
215    @a233页@c图,照片@d26cm
330    @a本书共分八章,内容包括:摄影艺术与美学的相关界定、摄影美的形态与规律、摄影技术的发展对当代社会的作用、审美直观视角下的摄影艺术、摄影艺术的创新、摄影艺术的非绘画性、意境论摄影艺术的影响、摄影美学的现实性。
606 0  @a摄影美学@x研究
690    @aJ401@v5
701  0 @a戴攀@9dai pan@4著
801  0 @aCN@b91MARC@c20210321
905    @aZUCC@dJ401@e3
    
    摄影艺术的美学视角研究/戴攀著.-长春:吉林科学技术出版社,2020
    233页:图,照片;26cm
    
    
    ISBN 978-7-5578-7887-0:CNY50.00
    本书共分八章,内容包括:摄影艺术与美学的相关界定、摄影美的形态与规律、摄影技术的发展对当代社会的作用、审美直观视角下的摄影艺术、摄影艺术的创新、摄影艺术的非绘画性、意境论摄影艺术的影响、摄影美学的现实性。
●
相关链接 在五车中查询图书 在当当中查询图书 在豆瓣中查询图书


正题名:摄影艺术的美学视角研究     索取号:J401/3         预约/预借

序号 登录号 条形码 馆藏地/架位号 状态 备注
1 2001265933   2001265933   辽宁北方(第一批)/辽宁北方(第一批)/292/ [索取号:J401/3] 在馆    
2 2001265934   2001265934   辽宁北方(第一批)/辽宁北方(第一批)/292/ [索取号:J401/3] 在馆    
3 2001265935   2001265935   辽宁北方(第一批)/辽宁北方(第一批)/292/ [索取号:J401/3] 在馆    
4 2001265936   2001265936   辽宁北方(第一批)/辽宁北方(第一批)/292/ [索取号:J401/3] 在馆    
5 2001265937   2001265937   辽宁北方(第一批)/辽宁北方(第一批)/292/ [索取号:J401/3] 在馆    
6 2001265938   2001265938   辽宁北方(第一批)/辽宁北方(第一批)/292/ [索取号:J401/3] 在馆    
山东省滨州职业学院图书馆 欢迎您!
大连网信软件有限公司© 版权所有